[Event "Fagernes Chess International 2014"]
[Site "Fagernes"]
[Date "2014.04.13"]
[Round "8"]
[White "Løbersli, Henrik Øie"]
[Black "Dahl, Trygve"]
[Result "1/2-1/2"]
[WhiteElo "1857"]
[BlackElo "1867"]
[PlyCount "69"]
[EventDate "2014.??.??"]

1. d4 f5 2. g3 e6 3. Nf3 Nf6 4. c4 d5 5. Bg2 c6 6. O-O Bd6 7. Nc3 O-O 8. Qc2
Nbd7 9. Rb1 Ne4 10. b4 Ndf6 11. c5 Bc7 12. b5 Nxc3 13. Qxc3 Ne4 14. Qc2 cxb5
15. Rxb5 b6 16. cxb6 Bxb6 17. Bf4 Ba6 18. Rb2 Nd6 19. Qa4 Nc4 20. Rc2 Bb7 21.
Ne5 Nxe5 22. Bxe5 Qe7 23. Rfc1 Rfc8 24. e3 Rxc2 25. Rxc2 Rc8 26. Rxc8+ Bxc8 27.
Bf1 g5 28. Qc6 Qd7 29. Qc2 Bb7 30. Qe2 g4 31. f3 gxf3 32. Qxf3 Qf7 33. Bb5 Qg6
34. Qf4 Bd8 35. Qf2 1/2-1/2

[Event "Fagernes Chess International 2014"]
[Site "Fagernes"]
[Date "2014.04.13"]
[Round "8"]
[White "Tangelder, Yonne"]
[Black "Dybvik, Bjørn Noralf"]
[Result "1-0"]
[WhiteElo "1829"]
[BlackElo "1284"]
[PlyCount "53"]
[EventDate "2014.??.??"]

1. e4 c6 2. d4 d5 3. e5 Bf5 4. Be3 e6 5. Nd2 Nd7 6. Ngf3 c5 7. c3 cxd4 8. cxd4
Bb4 9. Be2 Ne7 10. Nh4 O-O 11. g4 Bg6 12. O-O h6 13. Nxg6 Nxg6 14. Rc1 Rc8 15.
Rxc8 Qxc8 16. Qa4 Bxd2 17. Bxd2 a6 18. Rc1 Nb6 19. Qb3 Qd8 20. Ba5 Qg5 21. Rc7
Nc4 22. Bb4 Re8 23. Qf3 Qc1+ 24. Bd1 Ngxe5 25. dxe5 Nxe5 26. Rxc1 Nxf3+ 27.
Bxf3 1-0

[Event "Fagernes Chess International 2014"]
[Site "Fagernes"]
[Date "2014.04.13"]
[Round "8"]
[White "Dyrhaug, Sverre S"]
[Black "Heitun, Odd Gunnar"]
[Result "0-1"]
[WhiteElo "1574"]
[BlackElo "1273"]
[PlyCount "94"]
[EventDate "2014.??.??"]

1. e4 e5 2. Nf3 Nc6 3. Bc4 Nf6 4. d3 Bc5 5. O-O O-O 6. Bg5 h6 7. Bh4 d6 8. Nc3
Be6 9. Nd5 Bxd5 10. Bxd5 g5 11. Bg3 Nxd5 12. exd5 Ne7 13. c4 f5 14. Nxg5 hxg5
15. Qh5 Kg7 16. Qxg5+ Ng6 17. Qxd8 Raxd8 18. h3 f4 19. Bh2 Nh4 20. Kh1 Rf6 21.
b3 Rg6 22. g3 Nf3 23. Kg2 Nxh2 24. Kxh2 Rf8 25. g4 Rh8 26. Kg2 Kf6 27. f3 Rgg8
28. Rh1 Rh4 29. Rab1 a5 30. Kf1 c6 31. dxc6 bxc6 32. Rd1 Rb8 33. Kg2 Rb4 34.
Rb1 a4 35. Kf1 axb3 36. axb3 Rb8 37. Kg2 Bd4 38. Rh2 Ra8 39. Kf1 Rb8 40. Ke2
Ke6 41. Kf1 d5 42. Rh1 dxc4 43. dxc4 Kd6 44. Kg2 Kc5 45. Rhd1 Kb4 46. Rd2 Ra8
47. Rd3 Ra2+ 0-1

[Event "Fagernes Chess International 2014"]
[Site "Fagernes"]
[Date "2014.04.13"]
[Round "8"]
[White "Flaata, Alexander R."]
[Black "Ghaderi, Arman K"]
[Result "1/2-1/2"]
[WhiteElo "2111"]
[BlackElo "1843"]
[PlyCount "88"]
[EventDate "2014.??.??"]

1. e4 c5 2. Nc3 d6 3. f4 Nc6 4. Bb5 Bd7 5. Nf3 Nf6 6. O-O g6 7. e5 dxe5 8. Nxe5
Nd4 9. Nxd7 Nxd7 10. Bd3 Bg7 11. Ne2 O-O 12. c3 Nc6 13. Be4 Qb6 14. Qb3 Qa6 15.
Ng3 c4 16. Qd1 Nc5 17. Bc2 Nd3 18. Bxd3 cxd3 19. b3 Nb4 20. a4 b5 21. Rb1 bxa4
22. bxa4 Nc2 23. Rf3 Rfd8 24. Qf1 Qxa4 25. Rxd3 Rxd3 26. Qxd3 Na3 27. Bxa3 Qxa3
28. Qd5 Rc8 29. Rb7 a5 30. Ra7 Bh6 31. Rxa5 Qc1+ 32. Nf1 Bxf4 33. Ra8 Rxa8 34.
Qxa8+ Kg7 35. Qe4 Bxh2+ 36. Kxh2 Qxf1 37. c4 Qf5 38. Qd4+ e5 39. Qc3 Qf4+ 40.
g3 Qf2+ 41. Kh3 Qf1+ 42. Kh2 Qf2+ 43. Kh1 Qd4 44. Qc1 Qf2
1/2-1/2

[Event "Fagernes Chess International 2014"]
[Site "Fagernes"]
[Date "2014.04.13"]
[Round "8"]
[White "Heier, Odin Nikolai"]
[Black "Fossan, Andreas"]
[Result "1/2-1/2"]
[WhiteElo "1488"]
[BlackElo "1699"]
[PlyCount "81"]
[EventDate "2014.??.??"]

1. e4 e6 2. d4 d5 3. Nc3 Bb4 4. e5 Ne7 5. a3 Bxc3+ 6. bxc3 c5 7. Qg4 cxd4 8.
Qxg7 Rg8 9. Qxh7 Qc7 10. Ne2 dxc3 11. Qd3 Nbc6 12. f4 Nf5 13. Qxc3 Bd7 14. Rb1
Rc8 15. Bd2 b6 16. Qb2 Nh4 17. Ng3 Ne7 18. Kd1 Qc5 19. Nh5 Rg6 20. Nf6+ Kd8 21.
Nxd7 Kxd7 22. g3 Nhf5 23. Qb5+ Qxb5 24. Bxb5+ Kd8 25. Bd3 Rc7 26. Rg1 Rh6 27.
g4 Nd4 28. Rg2 Rh3 29. Rb2 Nf3 30. Rg3 Rxg3 31. hxg3 Nxd2 32. Kxd2 Rc5 33. a4
Ke8 34. Bb5+ Kf8 35. Rb1 Kg7 36. Rh1 Nc6 37. Bxc6 Rxc6 38. Rc1 a6 39. c3 Rc4
40. Kd3 Rc5 41. Rb1 1/2-1/2

[Event "Fagernes Chess International 2014"]
[Site "Fagernes"]
[Date "2014.04.13"]
[Round "8"]
[White "Gjertsen, Petter"]
[Black "Galinskyi, Mykhalo"]
[Result "1/2-1/2"]
[WhiteElo "1815"]
[BlackElo "1448"]
[PlyCount "65"]
[EventDate "2014.??.??"]

1. b4 d5 2. Bb2 e6 3. e3 Nf6 4. a3 Nbd7 5. Nf3 Bd6 6. c4 O-O 7. c5 Be7 8. d4 c6
9. Qc2 Re8 10. Bd3 Nf8 11. Nbd2 Bd7 12. Ne5 Rc8 13. h4 Ng6 14. Ndf3 Ne4 15.
Bxe4 dxe4 16. Qxe4 f5 17. Qc2 Nxe5 18. dxe5 a5 19. g3 axb4 20. axb4 b6 21. Bd4
bxc5 22. Bxc5 Rb8 23. O-O Rb5 24. Nd4 Rb7 25. Rfd1 Bxc5 26. bxc5 Qe7 27. Qc4
Reb8 28. Nxf5 Qf8 29. Rxd7 Rxd7 30. Qxe6+ Qf7 31. Qxf7+ Kxf7 32. Nd4 Rd5 33.
Nxc6 1/2-1/2

[Event "Fagernes Chess International 2014"]
[Site "Fagernes"]
[Date "2014.04.13"]
[Round "8"]
[White "Kløfsrud, August Kristiansen"]
[Black "Hansen, Linda Marie"]
[Result "0-1"]
[WhiteElo "1110"]
[BlackElo "1685"]
[PlyCount "142"]
[EventDate "2014.??.??"]

1. d4 d5 2. c4 e5 3. dxe5 d4 4. Nf3 Nc6 5. Bf4 Be6 6. Nbd2 Qd7 7. a3 Nge7 8. h4
h5 9. b4 Ng6 10. Bh2 a6 11. Qc2 Bf5 12. Qb2 Be7 13. b5 axb5 14. cxb5 Na5 15.
Qxd4 Nxh4 16. Qa4 Nxf3+ 17. Nxf3 O-O 18. Bf4 Bg4 19. Rd1 Qe6 20. Nd4 Qa2 21. f3
Be6 22. Rd2 Qxa3 23. Qxa3 Bxa3 24. Nxe6 fxe6 25. Rd3 Nc4 26. e3 Bb4+ 27. Kf2
Ra2+ 28. Kg1 Bc5 29. Rxh5 Rxf4 30. Rc3 Bxe3+ 31. Kh2 Nd2 32. Bd3 Nxf3+ 33. Kg3
Ne1 34. Bh7+ Kf8 35. Rxe3 Nxg2 36. Rf3 Rxf3+ 37. Kxf3 Ne1+ 38. Ke3 Rb2 39. Bg6
Rxb5 40. Rh8+ Ke7 41. Re8+ Kd7 42. Ke4 Rb4+ 43. Ke3 Ng2+ 44. Kd2 Nh4 45. Bf7
Rf4 46. Rh8 Nf3+ 47. Ke3 Rxf7 48. Ke4 Kc6 49. Rb8 Ng5+ 50. Ke3 b5 51. Ra8 Kc5
52. Ra1 Rf3+ 53. Ke2 Rf5 54. Rc1+ Kb6 55. Kd3 Rxe5 56. Kd4 Re4+ 57. Kd3 c5 58.
Rg1 Rd4+ 59. Ke3 Rd5 60. Ke2 c4 61. Rc1 Rc5 62. Ke3 c3 63. Kd4 c2 64. Kd3 b4
65. Kd2 b3 66. Kd3 b2 67. Rxc2 b1=Q 68. Kd2 Qxc2+ 69. Ke3 Qe4+ 70. Kd2 Nf3+ 71.
Kd1 Qe1# 0-1

[Event "Fagernes Chess International 2014"]
[Site "Fagernes"]
[Date "2014.04.13"]
[Round "8"]
[White "Kristiansen, Willy"]
[Black "Juriloo, Karl"]
[Result "1/2-1/2"]
[WhiteElo "2017"]
[BlackElo "1409"]
[PlyCount "21"]
[EventDate "2014.??.??"]

1. e4 e5 2. Nf3 Nf6 3. Nc3 Nc6 4. Bb5 d6 5. O-O Be7 6. d4 O-O 7. Bxc6 bxc6 8.
dxe5 Ng4 9. exd6 cxd6 10. h3 Nf6 11. Bg5
1/2-1/2

[Event "Fagernes Chess International 2014"]
[Site "Fagernes"]
[Date "2014.04.13"]
[Round "8"]
[White "Østgaard, Pål Inge"]
[Black "Kaasen, Tor Fredrik"]
[Result "1/2-1/2"]
[WhiteElo "1284"]
[BlackElo "1527"]
[PlyCount "119"]
[EventDate "2014.??.??"]

1. e4 e5 2. Nf3 Nc6 3. Bb5 Nf6 4. d3 Bc5 5. O-O d6 6. h3 O-O 7. c3 a6 8. Ba4
Bd7 9. Re1 Re8 10. Nbd2 b5 11. Bb3 Be6 12. Bc2 h6 13. Nf1 d5 14. Be3 d4 15.
cxd4 Nxd4 16. Nxd4 Bxd4 17. Bc1 Qd7 18. Qf3 Nh7 19. Qg3 Kh8 20. Nh2 a5 21. Nf3
a4 22. Nxd4 Qxd4 23. a3 b4 24. axb4 Qxb4 25. Rf1 Bb3 26. Bxb3 Qxb3 27. f4 Rad8
28. Ra3 exf4 29. Qxf4 Qb6+ 30. Qf2 Qxf2+ 31. Rxf2 f6 32. Rc2 Rd7 33. Rc4 Red8
34. Rcxa4 Nf8 35. Rc4 Ne6 36. Be3 Rxd3 37. Rxd3 Rxd3 38. Rc3 Rxc3 39. bxc3 Kg8
40. Kf2 Kf7 41. Ke2 Ke7 42. Kd3 Kd6 43. Bg1 Nf4+ 44. Kc4 Nxg2 45. Bh2+ Kd7 46.
e5 fxe5 47. Bxe5 g5 48. Kd4 Nh4 49. Ke4 Ng6 50. Bg7 Nf4 51. h4 Ne6 52. hxg5
hxg5 53. Be5 Ke7 54. Kf5 c6 55. c4 c5 56. Bf6+ Kd6 57. Be5+ Kd7 58. Bf6 g4 59.
Kxg4 Nd4 60. Kf4 1/2-1/2

[Event "Fagernes Chess International 2014"]
[Site "Fagernes"]
[Date "2014.04.13"]
[Round "8"]
[White "Kizatbay, Abyl"]
[Black "Wærstad, Leif E"]
[Result "1/2-1/2"]
[WhiteElo "1144"]
[BlackElo "1560"]
[PlyCount "59"]
[EventDate "2014.??.??"]

1. e4 e5 2. Nf3 Nf6 3. Nc3 Nc6 4. Bb5 Be7 5. d3 d6 6. Bxc6+ bxc6 7. h3 O-O 8.
O-O Bd7 9. d4 exd4 10. Nxd4 Qc8 11. Qd3 Re8 12. Bf4 c5 13. Nde2 Rb8 14. b3 Qb7
15. f3 Bc6 16. Rad1 Rbd8 17. Nd5 Bxd5 18. exd5 Nd7 19. c4 Bf6 20. g4 h6 21. Ng3
Bd4+ 22. Kh1 Ne5 23. Bxe5 Rxe5 24. Nf5 Rde8 25. Nxd4 Re3 26. Qd2 cxd4 27. Qxd4
a5 28. Qb2 c5 29. Rd2 Qb4 30. Rff2 1/2-1/2

[Event "Fagernes Chess International 2014"]
[Site "Fagernes"]
[Date "2014.04.13"]
[Round "8"]
[White "Machlik, Edit"]
[Black "Kjølberg, Jens Hjorth"]
[Result "0-1"]
[WhiteElo "1913"]
[BlackElo "2092"]
[PlyCount "56"]
[EventDate "2014.??.??"]

1. d4 e6 2. c4 Bb4+ 3. Bd2 c5 4. e3 Nf6 5. dxc5 Bxc5 6. Nc3 O-O 7. g4 d5 8. g5
Ne8 9. h4 Nc6 10. h5 Qxg5 11. Nh3 Qd8 12. Rg1 Ne5 13. Na4 Bd6 14. Bc3 Bd7 15.
Nc5 Bxc5 16. Bxe5 Bb4+ 17. Bc3 Bxc3+ 18. bxc3 Qf6 19. Qc2 Ba4 20. Qd2 dxc4 21.
Nf4 Rd8 22. Qb2 Nd6 23. Rc1 h6 24. Bh3 b5 25. Bxe6 fxe6 26. Rg6 Qh4 27. Nxe6
Qh1+ 28. Kd2 Rxf2# 0-1

[Event "Fagernes Chess International 2014"]
[Site "Fagernes"]
[Date "2014.04.13"]
[Round "8"]
[White "Landsverk, Ida"]
[Black "Larsen, Per Magnus"]
[Result "0-1"]
[WhiteElo "1160"]
[BlackElo "1023"]
[PlyCount "70"]
[EventDate "2014.??.??"]

1. e4 e5 2. Nc3 Nf6 3. f4 Nc6 4. fxe5 Nxe5 5. d4 Ng6 6. e5 Ng8 7. Nf3 Bb4 8.
Bd2 d6 9. exd6 Bxd6 10. Bc4 Qe7+ 11. Ne2 Nf4 12. O-O Nxe2+ 13. Bxe2 Nf6 14. c3
O-O 15. Bg5 h6 16. Bxf6 Qxf6 17. Bc4 Be6 18. d5 Bd7 19. Bb3 Rfe8 20. Bc2 Bb5
21. Re1 Rxe1+ 22. Qxe1 Re8 23. Qd2 Re2 24. Qd1 Qf4 25. Qf1 a6 26. a4 Qe3+ 27.
Kh1 Bc4 28. b3 Bxd5 29. Re1 Bxf3 30. Rxe2 Qxe2 31. Bd3 Qxf1+ 32. Bxf1 Bd1 33.
Bc4 Be5 34. Bd5 c6 35. Be4 Bxb3 0-1

[Event "Fagernes Chess International 2014"]
[Site "Fagernes"]
[Date "2014.04.13"]
[Round "8"]
[White "Yilmaz, Kazim"]
[Black "Langvik, Ulrikke"]
[Result "0-1"]
[WhiteElo "1683"]
[BlackElo "926"]
[PlyCount "56"]
[EventDate "2014.??.??"]

1. e4 e5 2. Nf3 Nc6 3. Bc4 Nf6 4. Nc3 Nxe4 5. Nxe4 d5 6. Bxd5 Qxd5 7. Nc3 Qd8
8. h3 Bc5 9. O-O f5 10. d3 O-O 11. Re1 Re8 12. Be3 Bb6 13. Re2 Kh8 14. Qe1 Bxe3
15. Rxe3 Qf6 16. Nd5 Qd6 17. Nc3 a6 18. Rd1 Bd7 19. d4 exd4 20. Rxe8+ Rxe8 21.
Qf1 Qc5 22. Ne2 Re4 23. c3 h6 24. Nexd4 Nxd4 25. Nxd4 Qe7 26. Nb3 Bb5 27. Rd3
Re1 28. Rd8+ Kh7
0-1

[Event "Fagernes Chess International 2014"]
[Site "Fagernes"]
[Date "2014.04.13"]
[Round "8"]
[White "Machlik, Endre"]
[Black "Laverton, Christian"]
[Result "0-1"]
[WhiteElo "1790"]
[BlackElo "2080"]
[PlyCount "128"]
[EventDate "2014.??.??"]

1. d4 d5 2. c4 c6 3. Nf3 Nf6 4. Nc3 a6 5. e3 b5 6. b3 Bg4 7. Be2 e6 8. h3 Bh5
9. Bb2 Nbd7 10. O-O Bd6 11. Ne5 Bxe2 12. Nxe2 Qc7 13. cxd5 cxd5 14. Rc1 Qb8 15.
Nxd7 Nxd7 16. e4 O-O 17. e5 Be7 18. Nf4 Qb7 19. Nd3 Rac8 20. Rxc8 Rxc8 21. f4
f5 22. g4 g6 23. gxf5 gxf5 24. Rf2 Kh8 25. Qh5 Rg8+ 26. Kh2 Rg6 27. Rc2 b4 28.
Rg2 Rxg2+ 29. Kxg2 Qc8 30. Kf3 Kg7 31. Ke3 Nf8 32. Kd2 Ng6 33. Qf3 a5 34. Ne1
h6 35. Ng2 Qc6 36. Qd1 Kf7 37. Ke3 Qc8 38. Qc1 Qg8 39. Qe1 Nxe5 40. Qf2 Nd7 41.
Kf3 Qg6 42. Ke3 Nf6 43. Ke2 Ne4 44. Qf3 Bf6 45. Ke3 Ke7 46. Kd3 Qe8 47. Ke2 Qc6
48. Qd3 Kf7 49. Ke3 Be7 50. Ke2 Bd6 51. Ke3 a4 52. bxa4 Qxa4 53. Qb3 Qa6 54. h4
Qf1 55. Qc2 Nf6 56. Qe2 Ng4+ 57. Kd3 Qb1+ 58. Qc2 Nf2+ 59. Kd2 Ne4+ 60. Kd3
Qxa2 61. Bc1 Qa6+ 62. Ke3 Qf1 63. h5 b3 64. Qb2 Kf6
0-1

[Event "Fagernes Chess International 2014"]
[Site "Fagernes"]
[Date "2014.04.13"]
[Round "8"]
[White "Sundsbø, Sigve"]
[Black "Lien, Johan"]
[Result "1-0"]
[WhiteElo "1663"]
[BlackElo "1410"]
[PlyCount "47"]
[EventDate "2014.??.??"]

1. d4 Nf6 2. c4 e6 3. Nc3 Bb4 4. Qc2 b6 5. e4 Bb7 6. Bd3 d5 7. cxd5 Bxc3+ 8.
bxc3 exd5 9. e5 Ne4 10. f3 Ng5 11. Ne2 g6 12. Ng3 Nd7 13. f4 Ne6 14. f5 gxf5
15. Nxf5 Rg8 16. O-O Ng5 17. Kh1 Nc5 18. dxc5 a6 19. cxb6 cxb6 20. Nd6+ Qxd6
21. exd6 Nh3 22. Qe2+ Kf8 23. Qe7+ Kg7 24. Rxf7+ 1-0

[Event "Fagernes Chess International 2014"]
[Site "Fagernes"]
[Date "2014.04.13"]
[Round "8"]
[White "Torgersen, Terje"]
[Black "Machlik, Monika"]
[Result "1-0"]
[WhiteElo "1970"]
[BlackElo "1976"]
[PlyCount "101"]
[EventDate "2014.??.??"]

1. e4 Nf6 2. e5 Nd5 3. d4 d6 4. Nf3 g6 5. Bc4 Nb6 6. Bb3 Bg7 7. Ng5 d5 8. f4 f6
9. Nf3 O-O 10. c3 Bf5 11. h3 Nc6 12. g4 Bxb1 13. Rxb1 fxe5 14. fxe5 e6 15. O-O
Na5 16. Bc2 c5 17. b4 cxb4 18. Rxb4 Rc8 19. Qd3 Qc7 20. Bd2 Nbc4 21. Be1 Na3
22. Bd1 N5c4 23. Rb3 a5 24. Bg3 a4 25. Rb4 b5 26. Be2 Qd7 27. h4 Na5 28. g5 Nc6
29. Rb2 Ne7 30. Nh2 Nf5 31. Be1 Nc4 32. Rb1 Nfe3 33. Rxf8+ Rxf8 34. Bf2 Nf5 35.
Ng4 Kh8 36. Nf6 Qc6 37. h5 Bxf6 38. gxf6 Kg8 39. Bg4 Qe8 40. Qh3 Nd2 41. Bxf5
exf5 42. Rb2 Ne4 43. Be1 Nxf6 44. hxg6 hxg6 45. Rh2 Nh5 46. Qg2 Nf4 47. Qf3 g5
48. Bd2 Qe6 49. Bxf4 gxf4 50. Qh5 f3 51. Qh7#
1-0

[Event "Fagernes Chess International 2014"]
[Site "Fagernes"]
[Date "2014.04.13"]
[Round "8"]
[White "Skrede, Snorre"]
[Black "Maloberti, David"]
[Result "0-1"]
[WhiteElo "1729"]
[BlackElo "2048"]
[PlyCount "68"]
[EventDate "2014.??.??"]

1. d4 Nf6 2. c4 g6 3. Nc3 Bg7 4. g3 d5 5. cxd5 Nxd5 6. e4 Nxc3 7. bxc3 c5 8.
Be3 Nc6 9. e5 Be6 10. Bg2 Bd5 11. f3 O-O 12. Ne2 Bc4 13. f4 Bd5 14. Bxd5 Qxd5
15. O-O Qe4 16. Qd2 Na5 17. Bf2 Nc4 18. Qe1 Rad8 19. Nc1 Qd5 20. Nb3 cxd4 21.
cxd4 f6 22. Qe2 g5 23. Rac1 b5 24. Rfd1 Bh6 25. Qh5 Kg7 26. fxg5 Bxg5 27. exf6+
Rxf6 28. Rc3 Rxf2 29. Kxf2 Be3+ 30. Rxe3 Qxh5 31. Rxe7+ Kg8 32. Rde1 Qxh2+ 33.
Kf3 Rf8+ 34. Kg4 h5+ 0-1

[Event "Fagernes Chess International 2014"]
[Site "Fagernes"]
[Date "2014.04.13"]
[Round "8"]
[White "Merkesvik, Amalie Isabel"]
[Black "Ødegaard, Karl Eirik"]
[Result "0-1"]
[WhiteElo "1521"]
[BlackElo "1257"]
[PlyCount "94"]
[EventDate "2014.??.??"]

1. e4 e5 2. Nf3 Nf6 3. Nc3 Nc6 4. d4 exd4 5. Nxd4 d6 6. Bb5 Bd7 7. Nxc6 Bxc6 8.
Bxc6+ bxc6 9. Bg5 h6 10. Bh4 Be7 11. Qd3 Nh5 12. Bxe7 Qxe7 13. Qf3 Nf6 14. O-O
O-O 15. Rfe1 Rab8 16. b3 Rfe8 17. e5 d5 18. h3 Nd7 19. e6 fxe6 20. Ne2 Qf6 21.
Qg3 e5 22. Rad1 Nc5 23. f4 Ne4 24. Qg4 Qe6 25. f5 Qf6 26. Ng3 Nxg3 27. Qxg3
Qxf5 28. Rf1 Qe6 29. Rd3 e4 30. Re3 d4 31. Ree1 Qd6 32. Qg4 Qe6 33. Qg3 Re7 34.
Rf4 Qd5 35. Qh4 g5 36. Qxh6 gxf4 37. Qxf4 Rf8 38. Qg4+ Rg7 39. Qh4 Qf5 40. Qxe4
Qxe4 41. Rxe4 Rd8 42. h4 Kf7 43. h5 c5 44. g4 Rdg8 45. h6 Rxg4+ 46. Rxg4 Rxg4+
47. Kf2 Kg6 0-1

[Event "Fagernes Chess International 2014"]
[Site "Fagernes"]
[Date "2014.04.13"]
[Round "8"]
[White "Robertsen, Bjørn"]
[Black "Mossin, Ivar Alexander"]
[Result "0-1"]
[WhiteElo "1185"]
[BlackElo "1847"]
[PlyCount "162"]
[EventDate "2014.??.??"]

1. e4 e6 2. d4 d5 3. Nd2 Nf6 4. e5 Nfd7 5. Bd3 c5 6. c3 Nc6 7. Ne2 cxd4 8. cxd4
f6 9. Nf4 Qe7 10. Qh5+ Kd8 11. Ng6 Qe8 12. Qh4 hxg6 13. Qxh8 Nxd4 14. exf6 gxf6
15. O-O Qf7 16. Qh4 Bc5 17. Nb3 Nxb3 18. axb3 Ne5 19. Bc2 Bd7 20. Be3 Be7 21.
f4 Nc6 22. Bb6+ Kc8 23. Rfc1 Kb8 24. Bf2 b6 25. Bd3 Nb4 26. Bf1 Kb7 27. Be1 Rd8
28. f5 g5 29. Qg3 e5 30. Bxb4 Bxb4 31. Qf3 Bc6 32. Ba6+ Kc7 33. Bb5 Bc5+ 34.
Kh1 a5 35. Bxc6 Kxc6 36. Qc3 d4 37. Qd3 Qe7 38. Re1 Re8 39. Rac1 e4 40. Qxd4
Qe5 41. Qxe5 Rxe5 42. g4 e3 43. Kg2 Re4 44. Kf3 Rf4+ 45. Kg3 Kb5 46. h4 Bd6 47.
Rcd1 Bc7 48. Rd7 Bb8 49. Rd8 Bc7 50. Rd7 Bb8 51. Rb7 Bd6 52. Rxe3 Rxf5+ 53. Kh3
Rf2 54. Rg3 gxh4 55. Rg2 Rf1 56. g5 Rh1+ 57. Kg4 h3 58. Rd2 Bb4 59. Rf2 h2 60.
Kh3 fxg5 61. Rg7 Bd6 62. Rxg5+ Kb4 63. Rg6 Rg1 64. Rxh2 Rxg6 65. Rc2 Kxb3 66.
Rc6 Rg3+ 67. Kh4 Rd3 68. Rxb6+ Bb4 69. Ra6 Kxb2 70. Kg5 Kb3 71. Kf4 a4 72. Ke4
Rd8 73. Ke3 a3 74. Ke2 a2 75. Ra7 Kb2 76. Rb7 a1=Q 77. Rxb4+ Kc3 78. Re4 Qb2+
79. Kf3 Rf8+ 80. Kg4 Qg2+ 81. Kh4 Rh8# 0-1

[Event "Fagernes Chess International 2014"]
[Site "Fagernes"]
[Date "2014.04.13"]
[Round "8"]
[White "Myhre, Mads Wollan"]
[Black "Skaug, Thorbjørn"]
[Result "1-0"]
[WhiteElo "1487"]
[BlackElo "1631"]
[PlyCount "157"]
[EventDate "2014.??.??"]

1. c4 b5 2. cxb5 a6 3. e4 axb5 4. Bxb5 e6 5. Nc3 Bb7 6. f3 Bb4 7. Nge2 Nf6 8.
O-O O-O 9. d4 Be7 10. Be3 d6 11. Qc2 Nbd7 12. Rfd1 Qc8 13. Rac1 c5 14. Bxd7
Nxd7 15. a3 cxd4 16. Nxd4 Rd8 17. Ncb5 Qxc2 18. Rxc2 Rdc8 19. Rdc1 Rxc2 20.
Rxc2 Rc8 21. b4 Rxc2 22. Nxc2 d5 23. exd5 Bxd5 24. Nc3 Bb7 25. a4 Ne5 26. b5
Nc4 27. Bf4 Bc5+ 28. Kf1 Bb6 29. Ke2 Na5 30. Be3 Bc7 31. Kd3 Bxh2 32. Na3 Bc7
33. Nc4 Kf8 34. Nxa5 Bxa5 35. Bc5+ Ke8 36. Ne4 Bd5 37. Nd6+ Kd7 38. Nc4 Bd8 39.
Nb6+ Bxb6 40. Bxb6 Bb3 41. a5 Bd5 42. a6 Ba8 43. Ba7 Kc8 44. b6 h6 45. Kd4 g5
46. Ke5 g4 47. b7+ Bxb7 48. axb7+ Kxb7 49. Be3 gxf3 50. gxf3 h5 51. Bg5 Kc7 52.
Bf4 Kd7 53. Kf6 Ke8 54. Be5 h4 55. Bf4 h3 56. Kg5 f5 57. Kh4 Kf7 58. Be5 h2 59.
Bxh2 Kf6 60. f4 Kg6 61. Kg3 Kf6 62. Kf3 Ke7 63. Bg1 Kd6 64. Bd4 Kd5 65. Be5 Kc6
66. Kg3 Kd7 67. Kh4 Ke7 68. Kh5 Kf7 69. Kh6 Kf8 70. Kg6 Ke7 71. Kg7 Ke8 72. Kf6
Kd7 73. Kf7 Kd8 74. Kxe6 Ke8 75. Kxf5 Ke7 76. Kg6 Kf8 77. f5 Kg8 78. f6 Kf8 79.
f7 1-0

[Event "Fagernes Chess International 2014"]
[Site "Fagernes"]
[Date "2014.04.13"]
[Round "8"]
[White "Skjølingstad, Sverre"]
[Black "Ødegaard, Per Chr"]
[Result "1/2-1/2"]
[WhiteElo "1073"]
[BlackElo "1772"]
[PlyCount "55"]
[EventDate "2014.??.??"]

1. e4 c5 2. Nf3 Nc6 3. d4 cxd4 4. Nxd4 d6 5. Nc3 Nf6 6. Be3 a6 7. Bd3 Ng4 8.
Qd2 Nxe3 9. Qxe3 e6 10. a3 Qb6 11. Nxc6 Qxe3+ 12. fxe3 bxc6 13. O-O-O g6 14.
Rhf1 Bh6 15. Rf3 d5 16. Rdf1 O-O 17. Kd2 d4 18. Nd1 Rb8 19. b3 c5 20. Ke2 e5
21. a4 Bg4 22. h3 Bxf3+ 23. Rxf3 Rb6 24. Nb2 Bg7 25. Nc4 Rbb8 26. Na3 Rb6 27.
Nc4 Rc6 28. Na5 1/2-1/2

[Event "Fagernes Chess International 2014"]
[Site "Fagernes"]
[Date "2014.04.13"]
[Round "8"]
[White "Risting, Eivind Olav"]
[Black "Taksrud, Vidar"]
[Result "0-1"]
[WhiteElo "1743"]
[BlackElo "2052"]
[PlyCount "60"]
[EventDate "2014.??.??"]

1. d4 Nf6 2. Bg5 d5 3. Bxf6 exf6 4. e3 c6 5. c4 Bb4+ 6. Nc3 Qa5 7. Qb3 Be6 8.
Nf3 Nd7 9. cxd5 Bxd5 10. Bc4 Nb6 11. Bxd5 Nxd5 12. Rc1 Qa6 13. Qc2 O-O 14. Qb1
Rfe8 15. a3 Bxc3+ 16. bxc3 Nf4 17. c4 Qxa3 18. O-O Ne2+ 19. Kh1 Nxc1 20. Rxc1
a5 21. Rd1 Qb4 22. Qc2 b5 23. Nd2 bxc4 24. Rb1 Qe7 25. Qxc4 Reb8 26. Rxb8+ Rxb8
27. Qxc6 Qb4 28. Nf3 Qb1+ 29. Ng1 Qxg1+ 30. Kxg1 Rb1+
0-1

[Event "Fagernes Chess International 2014"]
[Site "Fagernes"]
[Date "2014.04.13"]
[Round "8"]
[White "Rygg, Snorre"]
[Black "Snerthammer, Daniel"]
[Result "1/2-1/2"]
[WhiteElo "1821"]
[BlackElo "1913"]
[PlyCount "42"]
[EventDate "2014.??.??"]

1. c4 e5 2. Nc3 Nf6 3. g3 d5 4. cxd5 Nxd5 5. Bg2 Be6 6. Nf3 Nc6 7. O-O f6 8. d4
Nxc3 9. bxc3 Be7 10. Qa4 O-O 11. e4 Bf7 12. Rb1 Qc8 13. d5 Nd8 14. Ba3 Bxa3 15.
Qxa3 b6 16. c4 Nb7 17. Nd2 Bg6 18. Qe3 Qd7 19. Nb3 Qa4 20. Qe2 Rae8 21. Rbc1
Qb4
1/2-1/2

[Event "Fagernes Chess International 2014"]
[Site "Fagernes"]
[Date "2014.04.13"]
[Round "8"]
[White "Skjelstad, Erling"]
[Black "Sajjadi, Kimiya"]
[Result "1-0"]
[WhiteElo "1667"]
[BlackElo "1503"]
[PlyCount "51"]
[EventDate "2014.??.??"]

1. e4 c5 2. f4 d5 3. e5 Bf5 4. Nf3 Nc6 5. c4 dxc4 6. Bxc4 e6 7. O-O Nge7 8. d3
a6 9. a4 Nb4 10. Ra3 Ned5 11. Qe2 Qc7 12. Nc3 Nb6 13. Ne4 Rd8 14. Nfg5 Qc6 15.
g4 Nxc4 16. dxc4 Bxe4 17. Nxe4 Be7 18. f5 Rd4 19. Re3 exf5 20. gxf5 Nd3 21.
Nd6+ Kf8 22. Rxd3 Rh4 23. Qg2 Qxa4 24. Qxb7 Qa5 25. Qc8+ Bd8 26. Nb7
1-0

[Event "Fagernes Chess International 2014"]
[Site "Fagernes"]
[Date "2014.04.13"]
[Round "9"]
[White "Laverton, Christian"]
[Black "Flaata, Alexander R"]
[Result "1-0"]
[WhiteElo "2080"]
[BlackElo "2111"]
[PlyCount "61"]
[EventDate "2014.??.??"]

1. d4 Nf6 2. Nf3 c5 3. d5 g6 4. Nc3 Qa5 5. Bd2 Bg7 6. e4 d6 7. Be2 O-O 8. O-O
Qc7 9. Bf4 Nh5 10. Be3 Bd7 11. Nd2 Nf6 12. a4 Na6 13. Nc4 h6 14. Qd2 Kh7 15. f4
Ng4 16. Bxg4 Bxg4 17. f5 gxf5 18. exf5 Rg8 19. Kh1 f6 20. Rf4 Bh5 21. Rh4 Bf7
22. Bxh6 Rh8 23. Qf4 Kg8 24. Rg4 Rh7 25. Re1 Nb4 26. Re3 Nxd5 27. Nxd5 Bxd5 28.
Reg3 e5 29. fxe6 Bxc4 30. Qxf6 Rf8 31. Rxg7+ 1-0

[Event "Fagernes Chess International 2014"]
[Site "Fagernes"]
[Date "2014.04.13"]
[Round "9"]
[White "Bentsen, Håkon"]
[Black "Maloberti, David"]
[Result "1/2-1/2"]
[WhiteElo "2074"]
[BlackElo "2048"]
[PlyCount "76"]
[EventDate "2014.??.??"]

1. e4 e6 2. d4 d5 3. Nd2 Nf6 4. e5 Nfd7 5. Bd3 c5 6. c3 Nc6 7. Ne2 Qb6 8. Nf3
cxd4 9. cxd4 f6 10. exf6 Nxf6 11. O-O Bd6 12. Bb1 O-O 13. Ng3 Bd7 14. a3 Rac8
15. Ba2 Bxg3 16. hxg3 Ne4 17. Bb1 Be8 18. Bxe4 dxe4 19. Ng5 Nxd4 20. Be3 e5 21.
Nxe4 Bg6 22. Ng5 Qxb2 23. Bxd4 exd4 24. Ne6 Rfe8 25. Qxd4 Qxd4 26. Nxd4 Rcd8
27. Rfd1 Re5 28. Nf3 Red5 29. Rxd5 Rxd5 30. Rc1 Kf8 31. Rc7 Rd1+ 32. Kh2 Ra1
33. Rxb7 Rxa3 34. Ne5 Be8 35. g4 a5 36. Nc4 Ra2 37. Nd6 Rxf2 38. Rb8 Re2
1/2-1/2

[Event "Fagernes Chess International 2014"]
[Site "Fagernes"]
[Date "2014.04.13"]
[Round "9"]
[White "Taksrud, Vidar"]
[Black "Bjornes, Leif"]
[Result "1/2-1/2"]
[WhiteElo "2052"]
[BlackElo "1873"]
[PlyCount "24"]
[EventDate "2014.??.??"]

1. d4 d5 2. Nf3 Nf6 3. g3 e6 4. Bg2 c5 5. O-O Nc6 6. c4 dxc4 7. Qa4 Bd7 8. Qxc4
b5 9. Qxb5 Nxd4 10. Qd3 Bb5 11. Qe3 Nd5 12. Qe4 Nxe2+ 1/2-1/2

[Event "Fagernes Chess International 2014"]
[Site "Fagernes"]
[Date "2014.04.13"]
[Round "9"]
[White "Theting, Helge E"]
[Black "Lien, Kjell Håkon"]
[Result "1-0"]
[WhiteElo "1943"]
[BlackElo "2050"]
[PlyCount "51"]
[EventDate "2014.??.??"]

1. Nf3 c5 2. g3 Nc6 3. Bg2 e5 4. d3 g6 5. O-O Bg7 6. e4 Nge7 7. Nbd2 O-O 8. a4
d6 9. c3 h6 10. Nc4 Be6 11. Nfd2 f5 12. f4 exf4 13. gxf4 fxe4 14. dxe4 d5 15.
Na3 Qc7 16. Nb3 dxe4 17. Nxc5 Qb6 18. Be3 Nf5 19. Bf2 e3 20. Nxe6 exf2+ 21.
Rxf2 Ne3 22. Qe2 Nxg2 23. Kxg2 Rae8 24. Nc4 Qb3 25. Ra3 Qxa3 26. Nxa3 1-0